Alphabetical List of the Feasts and Holidays of the Hindus & Muhammadans. (Record no. 779)

MARC details
000 -LEADER
fixed length control field 00665nam a2200241 a 4500
020 ## - INTERNATIONAL STANDARD BOOK NUMBER
ISBN
082 00 - DEWEY DECIMAL CLASSIFICATION NUMBER
Classification number 394.26
Author Cutter IMP
100 ## - MAIN ENTRY--AUTHOR NAME
Author name Imperial Record, Department
245 ## - TITLE STATEMENT
Title Alphabetical List of the Feasts and Holidays of the Hindus & Muhammadans.
260 ## - PUBLICATION, DISTRIBUTION, ETC. (IMPRINT)
Place of publication Calcutta
Name of publisher Imperial Record Department
Year of publication 1914
300 ## - PHYSICAL DESCRIPTION
Number of Pages 123p
500 ## - GENERAL NOTE
General note includes index and biblioraphy
505 2# - FORMATTED CONTENTS NOTE
Formatted contents note Appendices, Plates
650 ## - SUBJECT ADDED ENTRY--TOPICAL TERM
Topical Term Festivals-India
942 ## - ADDED ENTRY ELEMENTS (KOHA)
Koha item type Books
700 1# -
-- Imperial Record, Department
Holdings
Collection code Home library Current library Date acquired Cost, normal purchase price Full call number Accession Number Koha item type
  Henry Martyn Institute Library Henry Martyn Institute Library 06/06/2007 100.00 394.26 IMP 00258 Books
                   Copyright © 2026 | Henry Martyn Institute | Hyderabad | TS-500052 | INDIA | Implemented by hmi.edu.in
Hit-Count:

Powered by Koha